000
00488nam a2200145Ia 4500
008
100122s9999 xx 000 0 und d
082
_b
44348
_a
823
100
_a
टोळ दत्ता श्री
245
_a
परिराणीची कहाणी
260
_b
जगताप-कारले प्रकाशन
_c
1965
300
_a
45
630
_a
परिराणीची कहाणी
730
_a
परिराणीची कहाणी
942
_c
BOOK
999
_c
424129
_d
424126